000
00315nam a22001337a 4500
008
170911b xxu||||| |||| 00| 0 eng d
020
_a
9780073376707
041
_a
eng
080
_2
10TH
_a
91
100
_a
42
101
_a
GJEO
245
_a
AN INTRODUCTION TO THE WORLD'S OCEANS
_c
SVERDRUP,K.A
942
_2
udc
_c
BK
999
_c
26964
_d
26964